000 00431nam a2200181Ia 4500
001 4792
005 20260306145821.0
008 260306t2004||||xx |||||||||||||| ||spa||
041 _aESP
082 _a330.1
_bO84
100 _aO´Sullivan, Arthur
_eAUT
245 0 _aEconomía:
_bprincipios e instrumentos
260 _c2004
300 _a872 páginas :
_c19 cm.
650 _aGEN
654 _aCAN
942 _cLIB
_dJUS
_fJUS
_2ddc
_n
999 _c4792
_d4792